Call of Duty: Modern Warfare 2 Maps - Statistics

General Stats
  • This quiz has been taken 57 times
  • The average score is 14 of 26
Answer Stats
Hint Answer % Correct
A Rust
92%
A Terminal
85%
A Afghan
81%
A Favela
81%
A Highrise
79%
A Wasteland
71%
A Quarry
69%
A Karachi
65%
A Sub Base
63%
A Estate
62%
A Derail
60%
A Scrapyard
60%
A Underpass
60%
A Invasion
56%
A Skidrow
54%
A Rundown
50%
C Carnival
42%
B Crash
35%
C Fuel
33%
C Vacant
31%
B Overgrown
29%
C Strike
29%
B Bailout
27%
B Storm
27%
C Trailer Park
27%
B Salvage
21%
No matching quizzes found
Score Distribution
Percent of People with Each Score
Percentile by Number Answered
Your Score History
You have not taken this quiz